| 000 | 01357nam a22003251a 4500 | ||
|---|---|---|---|
| 001 | ebr5000418 | ||
| 003 | CaPaEBR | ||
| 006 | m u | ||
| 007 | cr cn||||||||| | ||
| 008 | 000524s1999 si a sb 000 0 eng d | ||
| 020 | _z9810241852 | ||
| 020 | _z9810241860 (pbk.) | ||
| 040 |
_aCaPaEBR _cCaPaEBR |
||
| 035 | _a(OCoLC)70744243 | ||
| 050 | 1 | 4 |
_aLB2324 _b.R44 1999eb |
| 245 | 0 | 4 |
_aThe reflective spin _h[electronic resource] : _bcase studies of teachers in higher education transforming action / _cedited by Ai-Yen Chen, John van Maanen. |
| 260 |
_aSingapore ; _aRiver Edge, N.J. : _bWorld Scientific, _cc1999. |
||
| 300 |
_axxxii, 356 p. : _bill. |
||
| 504 | _aIncludes bibliographical references. | ||
| 533 |
_aElectronic reproduction. _bPalo Alto, Calif. : _cebrary, _d2013. _nAvailable via World Wide Web. _nAccess may be limited to ebrary affiliated libraries. |
||
| 650 | 0 |
_aEducation, Higher _xPhilosophy. |
|
| 650 | 0 |
_aEducation _xStudy and teaching (Higher) _vCase studies. |
|
| 650 | 0 | _aReflection (Philosophy) | |
| 650 | 0 |
_aAction research in education _vCase studies. |
|
| 655 | 7 |
_aElectronic books. _2local |
|
| 700 | 1 | _aChen, Ai-Yen. | |
| 700 | 1 | _aVan Maanen, John. | |
| 710 | 2 | _aebrary, Inc. | |
| 856 | 4 | 0 |
_uhttp://site.ebrary.com/lib/rucke/Doc?id=5000418 _zAn electronic book accessible through the World Wide Web; click to view |
| 999 |
_c2801 _d2801 |
||